Biathlètes français par nombre de médailles en coupe du monde - Statistiques

Statistiques générales
  • Ce quiz a été pris 411 fois
  • Le résultat moyen est 9 sur 24
Statistiques - réponses
Biathlètes Or Argent Bronze TOTAL % Correct
Martin Fourcade 83 41 26 150
100%
Simon Fourcade 0 7 2 9
95%
Quentin Fillon Maillet 16 21 16 53
93%
Emilien Jacquelin 3 9 10 22
89%
Fabien Claude 0 1 2 3
76%
Éric Perrot 0 0 1 1
74%
Franck Perrot 0 0 1 1
66%
Raphaël Poirée 44 39 20 103
65%
Antonin Guigonnat 0 3 3 6
64%
Simon Desthieux 2 5 4 11
64%
Alexis Bœuf 1 1 2 4
35%
Vincent Defrasne 3 3 3 9
26%
Jean-Guillaume Béatrix 1 1 2 4
25%
Patrice Bailly-Salins 7 3 1 11
19%
Vincent Jay 2 0 2 4
16%
Julien Robert 0 0 1 1
3%
Stéphane Bouthiaux 0 0 1 1
3%
Lionel Laurent 0 1 2 3
2%
Christian Dumont 0 1 1 2
1%
Gilles Marguet 0 0 1 1
1%
Yvon Mougel 0 1 2 3
1%
Hervé Flandin 1 1 1 3
0%
Thierry Dusserre 0 1 2 3
0%
Thierry Gerbier 0 1 3 4
0%
Aucun quiz correspondant
Distribution des résultats
% des personnes avec chaque résultat
Percentile par nombre de réponses
Votre historique - résultats
Vous n’avez pas pris ce quiz